Venomous Creatures by Continent - Statistics

General Stats
  • This quiz has been taken 10 times
  • The average score is 7 of 15
Answer Stats
Hint Answer % Correct
What tiny but deadly octopus, with blue rings on its body, lives in Asia-Pacific waters? Blue-Ringed Octopus
89%
Which African snake spits venom at the eyes of its attacker? Spitting cobra
89%
What small but deadly box-shaped jellyfish is found near Australia? Box jellyfish
78%
Which venomous lizard is native to North America and can be found in the U.S. Southwest? Gila monster
67%
What is the world’s most venomous snake, found in Australia? Inland taipan
67%
What venomous fish, found in the Indo-Pacific, has long spines and a beautiful striped body? lionfish
67%
. What venomous mammal from Australia has spurs that inject painful venom (males only)? platypus
67%
What venomous sea creature, often stepped on in shallow water, is found in Oceania? Stonefish
56%
What venomous spider found in South America is also known as the “banana spider”? Brazilian wandering spider
44%
Found in Asia, this snake has killed more humans than any other—what is it? Indian cobra
33%
Which small Australian spider is considered one of the most dangerous due to its potent neurotoxin? Sydney Funnel-Web Spider
22%
Which venomous scorpion in North Africa is considered the deadliest to humans? Deathstalker Scorpion
11%
Which South American pit viper is feared for causing many human deaths and is named after a deadly “snake-bite” legend? Fer-de-Lance
11%
Which venomous mammal, found in Europe, has spurs on its hind legs that deliver venom? European Mole
0%
Found in Asia, what “chain-marked” snake is one of the “Big Four” responsible for many bites in India? Russell’s Viper
0%
No matching quizzes found
Score Distribution
Percent of People with Each Score
Percentile by Number Answered
Your Score History
You have not taken this quiz